ბათუმის შოთა რუსთაველის სახელმწიფო უნივერსიტეტის ბიბლიოთეკა

ჩანაწერი Corporate Name

ჩანაწერთა რაოდენობა, რომელიც გამოყენებულია: 2

001 - CONTROL NUMBER

  • control field: 27308

003 - CONTROL NUMBER IDENTIFIER

  • control field: GE_BSU

005 - DATE AND TIME OF LATEST TRANSACTION

  • control field: 20260414110214.0

008 - FIXED-LENGTH DATA ELEMENTS

  • fixed length control field: 260414|| aca||aabn | a|a d

040 ## - CATALOGING SOURCE

  • Original cataloging agency: GE_BSU
  • Transcribing agency: GE_BSU

110 ## - HEADING--CORPORATE NAME

  • Corporate name or jurisdiction name as entry element: სოხუმის სახელმწ. უნივერსიტეტი.
  • Subordinate unit: ბიზნესისა და სოციალურ მეცნიერებათა ფაკულტეტი.

670 ## - SOURCE DATA FOUND

  • Source citation: Work cat.: (GE_BSU): ლიპარტია, ზურაბ 27305, ეკონომიკური ეფექტიანობის მენეჯმენტის მეთოდოლოგია = The Methodology of Economic Effectiveness Management :